000 00641nab a2200193 4500
001 244442
003 OSt
005 20240625075716.0
007 tu
008 200917s2020|||||||
040 _aDE-2950
_cDE-2950
245 0 0 _aKV-Terminal vor Verkauf?
_bLogistik. Zehntausende Container werden jedes Jahr bei PCC in Frankfurt umgeschlagen. Stadt und Betreiber stellen gerade die Weichen für die Zukunft/
_cThomas Gutke
264 _c2024
653 _aFrankfurt (Oder)
653 _aWirtschaft
653 _aKV-Terminal
773 0 _g35. Jahrgang (2024) Nr. 125 vom 31.05.2024, S. 13 mit Foto
_tMärkische Oderzeitung
942 _2z
_cA
999 _c373191
_d373191